000 01182nam a2200217Ia 4500
003 Ost
005 20260507075409.0
008 260507s9999||||xx |||||||||||||| ||und||
020 _a69762749779
040 _cfsecg
041 _aara
082 _a330
100 _aيوسف، حسن عبد الرحيم ذيب يوسف
_eمؤلف
245 0 _aلجبر المجرد /
_c حسن عبد الرحيم ذيب يوسف يوسف
260 _aالقاهرة:
_bالشركة العربية المتحدة للتسويق والتوريدات,
_c2009
300 _a415 صفحة؛
_bإيضاحات ؛
_c24 سم
504 _aالمراجع .117
520 _aالمقدمة -العملية الثنائية وخصائصها -الزمرة وخائصها الأولية - جدول الزمرة المنتهية وخصائصه -الزمرة الجزئية ومركز الزمرة -الزمرو الدورية وزمرها الجزئية- خلاصة - لمحة مسبقة عن الوحدة الدراسية الثانية -إجابات التدريبات وأسئلة التقويم الذاتي
700 _aعامر، محمد على صالح
_eمؤلف ثانوي
942 _cكتاب
999 _c44355
_d44355